<?xml version="1.0" encoding="UTF-8"?>
<record
    xmlns:xsi="http://www.w3.org/2001/XMLSchema-instance"
    xsi:schemaLocation="http://www.loc.gov/MARC21/slim http://www.loc.gov/standards/marcxml/schema/MARC21slim.xsd"
    xmlns="http://www.loc.gov/MARC21/slim">

  <leader>03377nam a2200289 a 4500</leader>
  <controlfield tag="003">OSt</controlfield>
  <controlfield tag="005">20260122123741.0</controlfield>
  <controlfield tag="008">251215s2018    fluad|||r|||| 00| 0 eng d</controlfield>
  <datafield tag="020" ind1=" " ind2=" ">
    <subfield code="a">978-1-138-06151-4</subfield>
  </datafield>
  <datafield tag="040" ind1=" " ind2=" ">
    <subfield code="a">CHAP</subfield>
    <subfield code="c">PA</subfield>
    <subfield code="e">rda</subfield>
  </datafield>
  <datafield tag="041" ind1=" " ind2=" ">
    <subfield code="b">spa</subfield>
    <subfield code="f">eng</subfield>
    <subfield code="h">eng</subfield>
  </datafield>
  <datafield tag="082" ind1=" " ind2=" ">
    <subfield code="a">PA 632.8</subfield>
    <subfield code="b">.P53 2018</subfield>
  </datafield>
  <datafield tag="245" ind1=" " ind2=" ">
    <subfield code="a">Plant viruses :</subfield>
    <subfield code="b">Diversity, interaction and management / </subfield>
    <subfield code="c">edited by Rajarshi Kumar Gaur, Khurana SMP, Yuri Dorokhov</subfield>
  </datafield>
  <datafield tag="264" ind1=" " ind2=" ">
    <subfield code="a">Boca Raton, FL : </subfield>
    <subfield code="b">CRC Press,</subfield>
    <subfield code="c">2018</subfield>
  </datafield>
  <datafield tag="300" ind1=" " ind2=" ">
    <subfield code="a">387 paginas, </subfield>
    <subfield code="b">ilustraciones, gr&#xE1;ficas</subfield>
  </datafield>
  <datafield tag="336" ind1=" " ind2=" ">
    <subfield code="2">rdacontent</subfield>
    <subfield code="a">texto</subfield>
    <subfield code="b">txt</subfield>
  </datafield>
  <datafield tag="337" ind1=" " ind2=" ">
    <subfield code="2">rdamedia</subfield>
    <subfield code="a">sin medio</subfield>
    <subfield code="b">n</subfield>
  </datafield>
  <datafield tag="338" ind1=" " ind2=" ">
    <subfield code="2">rdacarrier</subfield>
    <subfield code="a">volumen</subfield>
    <subfield code="b">nc</subfield>
  </datafield>
  <datafield tag="505" ind1=" " ind2=" ">
    <subfield code="a">Section, I Diversity.-- Chapter 1 Structural Aspects of Plant Viruses.-- Chapter 2 Biotypes of Cowpea Aphid-Borne Mosaic Virus in Brazil.-- Chapter 3 Characterization and Control of Potato Virus Y in Crops.-- Chapter 4 Tobamoviruses and Their Diversity.-- Chapter 5 Plum Pox (Sharka Disease): Pest, Challenge, and Curiosity.-- Chapter 6 Evolution and Emergence of Geminiviruses: Reasons and Consequences.-- Chapter 7 Sugarcane Bacilliform Viruses:  Present Status.-- Chapter 8 Wheat Streak Mosaic Virus: Cereal Pathogen with Growing Importance.-- Chapter 9 Population Structure and Diversity of Banana Bunchy Top Virus and Banana Bract Mosaic Virus.-- Section, II Host Interaction. -- Chapter 10 Molecular Dynamics of Geminivirus-Host Interactome . -- Chapter 11 Host-Virus Interactions from Potyvirus Replication to Translation.-- Chapter 12 Molecular Interactions between Plant Viruses and Their Biological Vectors.-- Chapter 13 Proteomics in Understanding Host-Virus Interactions.-- Chapter 14 A Case Study of Tomato Spotted Wilt Virus-Pepper Interaction.-- Chapter 15 Virus-Virus Interactions in Plants.-- Chapter 16 Viruses and Plant Development.-- Section, III Management.-- Chapter 17 Host miRNAs and Virus-Derived Small RNAs in Plants Infected with Certain Potyviruses.-- Chapter 18 Possible Approaches for Developing Different Strategies to Prevent Transmission of Geminiviruses to Important Crops.-- Chapter 20 Diversity, Host-Pathogen Interactions, and Management of Grapevine Leafroll Disease.-- Chapter 21 Virus-Induced Gene Silencing -- Applying Knowledge of Plant-Virus Interactions for High-Throughput Plant Functional Genomics -- Chapter 22 Exclusion of Plant Viruses for Ensuring Biosecurity -- A Critical Appraisal.</subfield>
  </datafield>
  <datafield tag="520" ind1=" " ind2=" ">
    <subfield code="a">Los virus vegetales son importantes, ya que afectan nuestro suministro de alimentos y pueden propagarse r&#xE1;pidamente a nuevas especies vegetales. Por lo tanto, un estudio exhaustivo de los virus vegetales es fundamental para comprender su patog&#xE9;nesis y prevenci&#xF3;n. Este libro se centra en la evoluci&#xF3;n de los virus vegetales, su clasificaci&#xF3;n molecular, epidemias y gesti&#xF3;n. Los temas clave incluyen la organizaci&#xF3;n gen&#xF3;mica, la traducci&#xF3;n y replicaci&#xF3;n, las proteinasas codificadas por virus, la estructura de las part&#xED;culas virales, los receptores celulares y el rango de hospedadores, la ARN polimerasa, la din&#xE1;mica de las cuasiespecies, la evoluci&#xF3;n de los virus y sus h&#xE1;bitats naturales.</subfield>
  </datafield>
  <datafield tag="534" ind1=" " ind2=" ">
    <subfield code="p">T&#xED;tulo original:</subfield>
  </datafield>
  <datafield tag="650" ind1=" " ind2="0">
    <subfield code="a">Virus fitopat&#xF3;genos</subfield>
    <subfield code="9">144629</subfield>
  </datafield>
  <datafield tag="700" ind1="1" ind2=" ">
    <subfield code="a">Gaur, Rajarshi Kumar,</subfield>
    <subfield code="e">editor</subfield>
    <subfield code="9">124999</subfield>
  </datafield>
  <datafield tag="700" ind1=" " ind2=" ">
    <subfield code="a">Khurana S. M. Paul,</subfield>
    <subfield code="e">editor</subfield>
    <subfield code="9">191558</subfield>
  </datafield>
  <datafield tag="700" ind1=" " ind2=" ">
    <subfield code="a">Dorokhov, Yuri,</subfield>
    <subfield code="e">editor</subfield>
    <subfield code="9">191559</subfield>
  </datafield>
  <datafield tag="942" ind1=" " ind2=" ">
    <subfield code="2">ddc</subfield>
    <subfield code="c">LIBRO</subfield>
  </datafield>
  <datafield tag="999" ind1=" " ind2=" ">
    <subfield code="c">233132</subfield>
    <subfield code="d">233132</subfield>
  </datafield>
  <datafield tag="952" ind1=" " ind2=" ">
    <subfield code="0">0</subfield>
    <subfield code="1">0</subfield>
    <subfield code="2">ddc</subfield>
    <subfield code="4">0</subfield>
    <subfield code="5">1</subfield>
    <subfield code="7">0</subfield>
    <subfield code="8">GRAL</subfield>
    <subfield code="a">PA</subfield>
    <subfield code="b">PA</subfield>
    <subfield code="d">2025-12-15</subfield>
    <subfield code="e">Compra</subfield>
    <subfield code="i">I.274361</subfield>
    <subfield code="l">0</subfield>
    <subfield code="o">PA 632.8 .P53</subfield>
    <subfield code="p">4102004178</subfield>
    <subfield code="r">2025-12-15 13:29:47</subfield>
    <subfield code="t">Ej.1</subfield>
    <subfield code="w">2025-12-15</subfield>
    <subfield code="y">LIBRO</subfield>
  </datafield>
  <datafield tag="952" ind1=" " ind2=" ">
    <subfield code="0">0</subfield>
    <subfield code="1">0</subfield>
    <subfield code="2">ddc</subfield>
    <subfield code="4">0</subfield>
    <subfield code="5">3</subfield>
    <subfield code="7">0</subfield>
    <subfield code="8">GRAL</subfield>
    <subfield code="a">PA</subfield>
    <subfield code="b">PA</subfield>
    <subfield code="d">2026-01-22</subfield>
    <subfield code="e">Compra</subfield>
    <subfield code="i">I.274362</subfield>
    <subfield code="l">0</subfield>
    <subfield code="o">PA 632.8 .P53 2018</subfield>
    <subfield code="p">4102004180</subfield>
    <subfield code="r">2026-01-22 13:20:55</subfield>
    <subfield code="t">Ej.2</subfield>
    <subfield code="w">2026-01-22</subfield>
    <subfield code="y">LIBRO</subfield>
  </datafield>
</record>
